Les équipes de foot2rue - Statistiques

Statistiques générales
  • Ce quiz a été pris 50 fois
  • Le résultat moyen est 5 sur 16
Statistiques - réponses
Par images Réponse % Correct
Les bleus
98%
Les Saï SaÏ
59%
Les Diablesses du Bronx
49%
Les Enfants de la balle
44%
Les Mangas de Tokyo
41%
Les Ours blanc
41%
Les Aigles de Jérusalem
37%
Les Dauphins d’Océanie
37%
Les Gauchos de Buenos Aires
29%
Les Pharaons du Nil
29%
Les Loups des Carpates
22%
Les Tigres de Malaisie
22%
Les MassaÏ du Kilimandjaro
15%
Les Celtics des Highlands
12%
Les Apaches
5%
Les Dreads de Kingstone
5%
Aucun quiz correspondant
Distribution des résultats
% des personnes avec chaque résultat
Percentile par nombre de réponses
Votre historique - résultats
Vous n’avez pas pris ce quiz